世界遺産のある都道府県を選ぶ -サドンデス- - Statistics

General Stats
  • This quiz has been taken 1,397 times
  • The average score is 16 of 28
Answers on the Grid
Answers color-coded by a green-red scale on the quiz's grid according to % correct below.
北海道
青森県
岩手県
宮城県
秋田県
山形県
福島県
茨城県
栃木県
群馬県
埼玉県
千葉県
東京都
神奈川県
新潟県
富山県
石川県
福井県
山梨県
長野県
岐阜県
静岡県
愛知県
三重県
滋賀県
京都府
大阪府
兵庫県
奈良県
和歌山県
鳥取県
島根県
岡山県
広島県
山口県
徳島県
香川県
愛媛県
高知県
福岡県
佐賀県
長崎県
熊本県
大分県
宮崎県
鹿児島県
沖縄県
 
Answer Stats
Answer % Correct
知床、
北海道・北東北の縄文遺跡群
北海道
92%
白神山地、
北海道・北東北の縄文遺跡群
青森県
81%
古都京都の文化財 京都府
79%
小笠原諸島、
ル・コルビュジエの建築作品
東京都
77%
法隆寺地域の仏教建造物、
古都奈良の文化財・紀伊山地の霊場と参詣道
奈良県
75%
琉球王国のグスク及び関連遺産群、
奄美大島、徳之島、沖縄島北部及び西表島
沖縄県
73%
富士山 ‐信仰の対象と芸術の源泉‐、
明治日本の産業革命遺産 
静岡県
70%
平泉、
明治日本の産業革命遺産、
北海道・北東北の縄文遺跡群
岩手県
68%
原爆ドーム、
厳島神社
広島県
67%
富士山 ‐信仰の対象と芸術の源泉‐ 山梨県
66%
白神山地、
北海道・北東北の縄文遺跡群
秋田県
64%
屋久島、
明治日本の産業革命遺産、
奄美大島、徳之島、沖縄島北部及び西表島
鹿児島県
64%
富岡製糸場と絹産業遺産群 群馬県
61%
明治日本の産業革命遺産、
長崎と天草地方の潜伏キリシタン関連遺産
長崎県
61%
百舌鳥・古市古墳群 ‐古代日本の墳墓群‐ 大阪府
60%
日光の社寺 栃木県
57%
姫路城 兵庫県
57%
白川郷・五箇山の合掌造り集落 岐阜県
56%
明治日本の産業革命遺産、
「神宿る島」宗像・沖ノ島と関連遺産群
福岡県
53%
石見銀山遺跡とその文化的景観 島根県
52%
紀伊山地の霊場と参詣道 和歌山県
50%
紀伊山地の霊場と参詣道 三重県
43%
佐渡島の金山 新潟県
42%
明治日本の産業革命遺産、
長崎と天草地方の潜伏キリシタン関連遺産
熊本県
38%
白川郷・五箇山の合掌造り集落 富山県
37%
明治日本の産業革命遺産 山口県
34%
古都京都の文化財 滋賀県
31%
明治日本の産業革命遺産 佐賀県
31%
No matching quizzes found
Score Distribution
Percent of People with Each Score
Percentile by Number Answered
Your Score History
You have not taken this quiz